Countries of Asia in 1914 by Flag - Statistics

General Stats
  • This quiz has been taken 163 times
  • The average score is 5 of 6
Answer Stats
Picture Answer % Correct
Japan
97%
Ottoman Empire
95%
Nepal
93%
China
92%
Persia
89%
Siam
80%
No matching quizzes found
Score Distribution
Percent of People with Each Score
Percentile by Number Answered
Your Score History
You have not taken this quiz